Statistics for Registarske oznake mesta u Srbiji

Click here to take the quiz!

General Stats

  • This quiz has been taken 34 times
  • The average score is 52 of 79

Answer Stats

HintAnswer% Correct
ALAleksinac
90%
BGBeograd
90%
JAJagodina
90%
KGKragujevac
90%
Kruševac
90%
NSNovi Sad
90%
ZRZrenjanin
90%
ČAČačak
87%
LELeskovac
87%
NINiš
87%
ŠAŠabac
87%
UBUb
87%
VAValjevo
87%
KVKraljevo
84%
NPNovi Pazar
84%
SUSubotica
84%
ĆUĆuprija
81%
KIKikinda
81%
LOLoznica
81%
SOSombor
81%
UEUžice
81%
GMGornji Milanovac
77%
ŠIŠid
77%
NVNova Varoš
74%
PAPančevo
74%
POPožarevac
74%
PPPrijepolje
74%
Vršac
74%
BBBajina Bašta
71%
BOBor
71%
KMKosovska Mitrovica
71%
Požega
71%
SMSremska Mitrovica
71%
VRVranje
71%
ZAZaječar
71%
BPBačka Palanka
68%
LBLebane
68%
PIPirot
68%
TSTrstenik
68%
VLVlasotince
68%
BTBačka Topola
65%
Bečej
65%
KLKladovo
65%
RURuma
65%
SDSmederevo
65%
ACAleksandrovac
61%
BUBujanovac
61%
VP
Velika Plana
61%
INInđija
61%
NGNegotin
61%
PRPriština
61%
SJSjenica
61%
STStara Pazova
61%
TTTutin
61%
ARAranđelovac
58%
LULučani
58%
VBVrnjačka Banja
58%
ĐAĐakovica
55%
GLGnjilane
55%
Knjaževac
55%
PBPriboj
55%
PZPrizren
55%
RARaška
55%
SVSvilajnac
55%
VSVrbas
55%
ICIvanjica
52%
URUroševac
52%
KAKanjiža
48%
KOKovin
48%
PEPeć
48%
TOTopola
48%
DEDespotovac
45%
PNParaćin
45%
PTPetrovac
39%
Bogatić
35%
SPSmederevska Palanka
35%
KCKoceljeva
29%
SCSurdulica
26%
SASenta
23%

Score Distribution

Percentile by Number Answered

Percent of People with Each Score

Your Score History

You have not taken this quiz